[Event "Lichtenrader Herbst 2019"]
[Site "Berlin"]
[Date "2019.10.12"]
[Round "1.2"]
[White "Starostits, Ilmars"]
[Black "Hohn, August"]
[Result "1-0"]
[WhiteElo "2462"]
[BlackElo "1832"]
[PlyCount "83"]
[EventDate "2019.??.??"]
[BlackTeam "SC Zugzwang 95 e.V."]

1. e4 c6 2. d4 d5 3. Nc3 e6 4. Nf3 Nf6 5. Bd3 dxe4 6. Nxe4 Nxe4 7. Bxe4 Nd7 8.
Qe2 Nf6 9. Bd3 Be7 10. Bd2 b6 11. g4 Qc7 12. c4 Bb7 13. Rg1 O-O-O 14. O-O-O c5
15. Ne5 Bd6 16. g5 cxd4 17. gxf6 Bxe5 18. fxg7 Rhg8 19. f4 Bf6 20. f5 Rde8 21.
fxe6 fxe6 22. Qh5 Bxg7 23. Rdf1 Ref8 24. Rxf8+ Rxf8 25. Qxh7 Be5 26. Qh6 Re8
27. Qg6 Bc6 28. h4 Bf4 29. h5 Bxd2+ 30. Kxd2 Qf4+ 31. Kc2 Rh8 32. Qxe6+ Bd7 33.
Rg8+ Rxg8 34. Qxg8+ Kc7 35. Qh7 Qf2+ 36. Kb3 a5 37. a3 Qf3 38. h6 Kc8 39. Qh8+
Kb7 40. Qxd4 Bf5 41. Kc3 Qh3 42. Qd5+ 1-0

[Event "Lichtenrader Herbst 2019"]
[Site "Berlin"]
[Date "2019.10.12"]
[Round "1.9"]
[White "Korek, Jakob Alexander"]
[Black "Budt, Matthias"]
[Result "0-1"]
[WhiteElo "1635"]
[BlackElo "2188"]
[PlyCount "70"]
[EventDate "2019.??.??"]
[WhiteTeam "SV Koenigsjaeger Sued-West e.V."]
[BlackTeam "SK Zehlendorf e.V."]

1. d4 Nf6 2. c4 e6 3. Nc3 Bb4 4. Qc2 c5 5. dxc5 Na6 6. a3 Bxc3+ 7. Qxc3 Nxc5 8.
e3 a5 9. Nf3 a4 10. Nd2 O-O 11. Be2 d6 12. O-O e5 13. f4 Qe7 14. fxe5 Qxe5 15.
Qxe5 dxe5 16. Nf3 Re8 17. Bd2 Nfe4 18. Bb4 f6 19. Rad1 Be6 20. Nd2 Nxd2 21.
Rxd2 Nb3 22. Rd6 Rac8 23. Rxe6 Rxe6 24. Bg4 Kf7 25. Rd1 Rc7 26. Bxe6+ Kxe6 27.
Rd6+ Kf5 28. c5 Ke4 29. Kf2 h5 30. h4 Nc1 31. Rd2 Nd3+ 32. Ke2 Nxc5 33. Bxc5
Rxc5 34. Rd7 Rb5 35. Rd2 Rb3 0-1

[Event "Lichtenrader Herbst 2019"]
[Site "Berlin"]
[Date "2019.10.12"]
[Round "1.10"]
[White "Katzir, Moshe"]
[Black "Ho, Ngoc Hai-Dang"]
[Result "1-0"]
[WhiteElo "2125"]
[BlackElo "1724"]
[PlyCount "73"]
[EventDate "2019.??.??"]
[BlackTeam "SV Mattnetz Berlin e.V."]

1. e4 e5 2. Nc3 Nf6 3. g3 Bc5 4. Bg2 Nc6 5. Nge2 d6 6. O-O O-O 7. d3 h6 8. Na4
Bb6 9. Nxb6 axb6 10. c4 Bg4 11. f3 Be6 12. f4 Bg4 13. h3 Bxe2 14. Qxe2 Nd4 15.
Qd1 Qd7 16. Be3 Nc6 17. f5 Kh7 18. g4 g5 19. h4 Rg8 20. hxg5 hxg5 21. Rf3 Rg7
22. Rh3+ Kg8 23. Kf2 Nh7 24. a3 f6 25. Qd2 Qf7 26. Rah1 Kf8 27. Bf3 Ke7 28. Kg3
Rag8 29. Bd1 Nd4 30. Qb4 Nc6 31. Qa4 Nf8 32. c5 bxc5 33. Bb3 Qe8 34. Bxg8 Rxg8
35. Qb3 Rg7 36. Qxb7 Qd7 37. Rh8 1-0

[Event "Lichtenrader Herbst 2019"]
[Site "Berlin"]
[Date "2019.10.12"]
[Round "1.11"]
[White "Froehlich, Sergej"]
[Black "Holinka, Henning"]
[Result "0-1"]
[WhiteElo "1763"]
[BlackElo "2101"]
[PlyCount "54"]
[EventDate "2019.??.??"]
[WhiteTeam "SC Kreuzberg e.V."]
[BlackTeam "Hamburger SK von 1830 eV"]

1. d4 g6 2. Nf3 Bg7 3. Bf4 d6 4. Nc3 Nd7 5. e4 a6 6. g3 b5 7. Bg2 Bb7 8. d5
Ngf6 9. Nd2 c5 10. O-O O-O 11. Rb1 Nh5 12. Be3 e5 13. f4 exf4 14. gxf4 Ndf6 15.
Qf3 Re8 16. Bf2 b4 17. Ne2 Bh6 18. Kh1 Qe7 19. Rbe1 Nxe4 20. Nxe4 Bxd5 21. N2g3
Nxf4 22. Nf5 gxf5 23. Qg3+ Kh8 24. Be3 Nxg2 25. Bxh6 Rg8 26. Qxd6 Qxd6 27. Nxd6
Nxe1+ 0-1

[Event "Lichtenrader Herbst 2019"]
[Site "Berlin"]
[Date "2019.10.12"]
[Round "1.12"]
[White "Roehr, Tobias"]
[Black "Mayer, Herbert"]
[Result "1-0"]
[WhiteElo "2123"]
[BlackElo "1762"]
[PlyCount "41"]
[EventDate "2019.??.??"]
[WhiteTeam "SG Aufbau Elbe Magdeburg"]
[BlackTeam "SC Rochade (Berlin)"]

1. d4 Nf6 2. c4 g6 3. Nc3 d5 4. cxd5 Nxd5 5. Bd2 Bg7 6. e4 Nxc3 7. Bxc3 O-O 8.
Bc4 Nd7 9. Ne2 e5 10. d5 Nb6 11. Bb3 Bd7 12. O-O a5 13. a4 Nc8 14. Qd2 b6 15.
f4 exf4 16. Bxg7 Kxg7 17. Qc3+ Kg8 18. Nxf4 Nd6 19. e5 Ne4 20. Qe3 Nc5 21. e6
1-0

[Event "Lichtenrader Herbst 2019"]
[Site "Berlin"]
[Date "2019.10.12"]
[Round "1.13"]
[White "Baumeister, Wolfgang"]
[Black "Krefenstein, Sergej"]
[Result "1/2-1/2"]
[WhiteElo "1756"]
[BlackElo "2139"]
[PlyCount "96"]
[EventDate "2019.??.??"]
[WhiteTeam "SC Kreuzberg e.V."]
[BlackTeam "BSC Rehberge"]

1. f4 d5 2. Nf3 g6 3. g3 Bg7 4. Bg2 Nf6 5. d3 c5 6. O-O Nc6 7. c3 O-O 8. Qe1 d4
9. Na3 Be6 10. h3 Nd5 11. Bd2 h6 12. Nc2 Kh7 13. g4 f5 14. Qh4 Kg8 15. c4 fxg4
16. Ne5 Ne3 17. Nxc6 bxc6 18. Nxe3 dxe3 19. Bxe3 gxh3 20. Bxc6 Rb8 21. Rab1 Qd6
22. Be4 Kh7 23. Kh1 Bf5 24. Bf3 Rxb2 25. Rxb2 Bxb2 26. Qf2 Bd4 27. Rg1 e5 28.
fxe5 Qxe5 29. Bxd4 cxd4 30. Qg3 Qf6 31. Kh2 h5 32. Rb1 Rf7 33. c5 h4 34. Qb8
Bxd3 35. Rb7 Bxe2 36. Rxf7+ Qxf7 37. Bxe2 Qf2+ 38. Kxh3 Qxe2 39. Qc7+ Kh6 40.
Qf4+ Kg7 41. Qxd4+ Kf7 42. Qf4+ Ke6 43. Qd6+ Kf5 44. Qf8+ Kg5 45. Qd8+ Kf5 46.
Qf8+ Kg5 47. Qd8+ Kf5 48. Qf8+ Kg5 1/2-1/2

[Event "Lichtenrader Herbst 2019"]
[Site "Berlin"]
[Date "2019.10.12"]
[Round "1.14"]
[White "Wierzbicki, Jirawat"]
[Black "Jacoby, Angelina"]
[Result "1-0"]
[WhiteElo "2114"]
[BlackElo "1635"]
[PlyCount "51"]
[EventDate "2019.??.??"]
[WhiteTeam "SK Koenig Tegel 1949 e.V."]
[BlackTeam "Leegebrucher SF"]

1. e4 d5 2. exd5 Qxd5 3. Nc3 Qa5 4. d4 c6 5. Nf3 Nf6 6. Bd2 Qc7 7. Bc4 Bf5 8.
O-O e6 9. Nh4 Bg4 10. Be2 Bxe2 11. Nxe2 Bd6 12. g3 Nbd7 13. f4 O-O 14. c3 Nb6
15. b3 Rfd8 16. f5 e5 17. Bg5 Be7 18. Qc1 exd4 19. Nxd4 Nfd5 20. f6 Bxf6 21.
Bxf6 Nxf6 22. Rxf6 gxf6 23. Ndf5 Kf8 24. Qh6+ Ke8 25. Re1+ Kd7 26. Re7+ 1-0

[Event "Lichtenrader Herbst 2019"]
[Site "Berlin"]
[Date "2019.10.12"]
[Round "1.15"]
[White "Reck, Jessica"]
[Black "Tschernatsch, Johannes"]
[Result "0-1"]
[WhiteElo "1716"]
[BlackElo "2132"]
[PlyCount "80"]
[EventDate "2019.??.??"]
[WhiteTeam "SK Koenig Tegel 1949 e.V."]
[BlackTeam "SC Empor Potsdam 1952 e.V."]

1. e4 c5 2. c3 Nf6 3. e5 Nd5 4. d4 cxd4 5. cxd4 d6 6. Nf3 Nc6 7. Bc4 e6 8. Bd2
dxe5 9. dxe5 Bc5 10. O-O O-O 11. Qe2 Nd4 12. Nxd4 Bxd4 13. Bc1 Qc7 14. Re1 Bd7
15. Na3 Rac8 16. Bb3 Ne7 17. Bf4 Ng6 18. Bg3 a6 19. Rad1 Bc5 20. h3 b5 21. Rc1
Qb6 22. Bc2 Bc6 23. Kh2 Bd5 24. Bb3 Bxb3 25. axb3 Ne7 26. Nc2 Nf5 27. Red1 Rc7
28. f4 Rfc8 29. Qd2 h5 30. b4 Be7 31. Bf2 Qb7 32. g4 Nh6 33. Qe2 hxg4 34. hxg4
Nxg4+ 35. Qxg4 Rxc2 36. Rxc2 Rxc2 37. Qg3 Rxb2 38. Rg1 g6 39. f5 exf5 40. e6
Bd6 0-1

[Event "Lichtenrader Herbst 2019"]
[Site "Berlin"]
[Date "2019.10.12"]
[Round "1.16"]
[White "nn"]
[Black "Zinnecker, Peter"]
[Result "1-0"]
[WhiteElo "2124"]
[BlackElo "1684"]
[PlyCount "69"]
[EventDate "2019.??.??"]
[WhiteTeam "SV Koenigsjaeger Sued-West e.V."]
[BlackTeam "ohne Verein"]

1. c4 c5 2. Nc3 g6 3. g3 Bg7 4. Bg2 Nc6 5. a3 Nf6 6. Rb1 a5 7. d3 O-O 8. Nf3 d6
9. O-O Bd7 10. Bd2 Qc8 11. Nd5 Nxd5 12. cxd5 Nb8 13. Bc3 Bh3 14. Bxg7 Kxg7 15.
Qd2 Bxg2 16. Kxg2 Nd7 17. Rfc1 b5 18. b4 axb4 19. axb4 Kg8 20. bxc5 dxc5 21.
Rxb5 Qa6 22. Rcb1 Qa2 23. Qxa2 Rxa2 24. R1b2 Ra3 25. Nd2 Rfa8 26. Nc4 Rc3 27.
Rb7 Rd8 28. d6 e6 29. f4 Kf8 30. Ne5 Nxe5 31. fxe5 Ke8 32. Re7+ Kf8 33. Rbb7 c4
34. Rxf7+ Kg8 35. Rg7+ 1-0

[Event "Lichtenrader Herbst 2019"]
[Site "Berlin"]
[Date "2019.10.12"]
[Round "1.17"]
[White "Nguyen, Phuc Nhat"]
[Black "Jaeschke, Jens-Uwe"]
[Result "1/2-1/2"]
[WhiteElo "1566"]
[BlackElo "2116"]
[PlyCount "83"]
[EventDate "2019.??.??"]
[WhiteTeam "SC Zugzwang 95 e.V."]
[BlackTeam "SF Nordost Berlin"]

1. e4 g6 2. Nf3 Bg7 3. d4 d6 4. Be3 Nf6 5. Nc3 a6 6. h3 b5 7. a3 O-O 8. Qd2 Bb7
9. Bd3 Nbd7 10. Bh6 c5 11. Bxg7 Kxg7 12. dxc5 Nxc5 13. Qe2 Rc8 14. O-O Rc7 15.
Rfd1 Qa8 16. Re1 Ne6 17. Qd2 Rd8 18. Qe3 Nd7 19. Bf1 Ne5 20. Nd4 Nc4 21. Nxe6+
fxe6 22. Bxc4 Rxc4 23. Rad1 e5 24. f4 exf4 25. Qxf4 Qa7+ 26. Qf2 Qxf2+ 27. Kxf2
b4 28. axb4 Rxb4 29. b3 Rc8 30. Re3 a5 31. Rd2 Rf8+ 32. Kg1 Rf4 33. e5 d5 34.
Nxd5 Bxd5 35. Rxd5 a4 36. bxa4 Rxa4 37. Rd7 Kf7 38. Rf3 Ke6 39. Rc7 Rac4 40.
Rxc4 Rxc4 41. Rf2 Kxe5 42. Rf7 1/2-1/2

[Event "Lichtenrader Herbst 2019"]
[Site "Berlin"]
[Date "2019.10.12"]
[Round "1.18"]
[White "Federau, Juergen"]
[Black "Grob, Gerhard"]
[Result "1-0"]
[WhiteElo "2083"]
[BlackElo "1673"]
[PlyCount "123"]
[EventDate "2019.??.??"]
[WhiteTeam "SC Kreuzberg e.V."]
[BlackTeam "ohne Verein"]

1. d4 d5 2. c4 e6 3. Nc3 Nf6 4. cxd5 exd5 5. Bg5 Be7 6. e3 Bf5 7. Qb3 b6 8.
Bxf6 Bxf6 9. Qxd5 Qxd5 10. Nxd5 Bd8 11. Rc1 c6 12. Nf4 b5 13. Bd3 Ba5+ 14. Kf1
Bd7 15. Nf3 f6 16. Ke2 O-O 17. Rhd1 Na6 18. Kf1 Rac8 19. a3 Nc7 20. Bb1 g5 21.
Ba2+ Kh8 22. Nd3 Ne6 23. Nd2 Bd8 24. Nb3 Be7 25. Na5 Nd8 26. Nc5 Bf5 27. f3
Bxc5 28. Rxc5 Bd7 29. Rdc1 Re8 30. Kf2 Kg7 31. d5 Re5 32. R5c2 Be8 33. dxc6 Re7
34. c7 Ne6 35. Bxe6 Rxe6 36. Nb3 Re7 37. Nd4 Kf7 38. Rc5 a6 39. b4 Re5 40. R5c3
Re7 41. e4 Rd7 42. Ke3 Ke7 43. Nf5+ Kf8 44. Rc6 Rf7 45. Rxa6 Rcxc7 46. Rxc7
Rxc7 47. Rxf6+ Kg8 48. Rd6 Rc2 49. Rd8 Kf7 50. Rb8 Bd7 51. Rb7 Ke8 52. g4 Rxh2
53. Rb8+ Kf7 54. Nd6+ Ke6 55. Nxb5 Rb2 56. Nd4+ Ke5 57. Rb7 Ba4 58. Ra7 Bd1 59.
Rxh7 Ra2 60. Re7+ Kf6 61. Re6+ Kf7 62. Ra6 1-0

[Event "Lichtenrader Herbst 2019"]
[Site "Berlin"]
[Date "2019.10.12"]
[Round "1.19"]
[White "Torosyan, Bagrat"]
[Black "Rettore, Ludwig"]
[Result "0-1"]
[WhiteElo "1549"]
[BlackElo "2068"]
[PlyCount "64"]
[EventDate "2019.??.??"]
[WhiteTeam "SC Borussia Lichtenberg"]
[BlackTeam "Veturia"]

1. d4 f5 2. Bf4 Nf6 3. Nf3 d6 4. e3 e6 5. Nbd2 g6 6. Be2 Bg7 7. c3 O-O 8. h4
Nc6 9. Qb3 Qe8 10. Ng5 h6 11. Ngf3 Kh7 12. O-O-O e5 13. dxe5 dxe5 14. Bg3 a6
15. Qc2 b5 16. Ne1 e4 17. Bxc7 Qf7 18. Bd6 Rd8 19. Nb3 Be6 20. Nc5 Rac8 21. a3
Na5 22. Nxe6 Qxe6 23. Bb4 Nb3+ 24. Kb1 a5 25. Bd6 Nd5 26. Qxb3 Nxc3+ 27. Qxc3
Rxc3 28. bxc3 Qb3+ 29. Kc1 Bxc3 30. Nd3 exd3 31. Rxd3 Qb2+ 32. Kd1 Qb1# 0-1

[Event "Lichtenrader Herbst 2019"]
[Site "Berlin"]
[Date "2019.10.12"]
[Round "1.20"]
[White "Dathe, Frederick"]
[Black "Roehr, Susanne"]
[Result "1-0"]
[WhiteElo "2084"]
[BlackElo "1703"]
[PlyCount "81"]
[EventDate "2019.??.??"]
[WhiteTeam "SC Kreuzberg e.V."]
[BlackTeam "Potsdamer SV Mitte e.V."]

1. Nf3 Nf6 2. g3 Nc6 3. d4 d5 4. Bg2 Bf5 5. O-O e6 6. a3 Bd6 7. b3 O-O 8. Bb2
Ne7 9. Nbd2 h6 10. c4 c6 11. Re1 Rc8 12. Rc1 Qd7 13. Ne5 Bxe5 14. dxe5 Nh7 15.
e4 Bg6 16. h4 Rcd8 17. h5 Bxe4 18. Bxe4 dxe4 19. Nxe4 Qc7 20. Qg4 Nf5 21. Nd6
Ng5 22. Rcd1 Qb6 23. Rd3 c5 24. Red1 Nd4 25. Bxd4 cxd4 26. f4 f5 27. Qe2 Nf7
28. Nb5 Rd7 29. Qf2 Rfd8 30. Rxd4 Rxd4 31. Rxd4 Rxd4 32. Qxd4 Qc6 33. Qd3 Qc5+
34. Nd4 Kf8 35. b4 Qc8 36. c5 Ke7 37. Qc4 Nd8 38. b5 Qc7 39. c6 bxc6 40. bxc6
Qa5 41. Qb4+ 1-0

[Event "Lichtenrader Herbst 2019"]
[Site "Berlin"]
[Date "2019.10.12"]
[Round "1.21"]
[White "Stockter, Jasper Enno"]
[Black "Pixa, Richard"]
[Result "0-1"]
[WhiteElo "1715"]
[BlackElo "2075"]
[PlyCount "108"]
[EventDate "2019.??.??"]
[WhiteTeam "SV Mattnetz Berlin e.V."]
[BlackTeam "SV Mattnetz Berlin e.V."]

1. e4 e6 2. d4 d5 3. exd5 exd5 4. Bd3 Bd6 5. Nf3 Nc6 6. c3 Bg4 7. Be3 Nge7 8.
Nbd2 Qd7 9. Qc2 h6 10. O-O-O O-O-O 11. Rde1 Bf5 12. h3 Rde8 13. Re2 Bxd3 14.
Qxd3 Ng6 15. Rhe1 Nd8 16. h4 h5 17. g3 Ne7 18. Ne5 Bxe5 19. dxe5 Ndc6 20. f4
Qf5 21. Qxf5+ Nxf5 22. Bf2 Nd8 23. Nb3 Ne6 24. Rd2 Rd8 25. Red1 c6 26. Rd3 b6
27. Nd4 Nexd4 28. Bxd4 Kd7 29. Bf2 Ke6 30. Kd2 Rd7 31. Ke2 c5 32. Kf3 Rc8 33.
R3d2 Nh6 34. Bg1 Rcd8 35. Bf2 Ng4 36. Bg1 f6 37. exf6 gxf6 38. Rd3 Kf7 39. R3d2
f5 40. Bf2 Nf6 41. Bg1 Ne4 42. Rd3 Ke6 43. Bf2 b5 44. a3 a5 45. Be1 Rb8 46. Kg2
Rbd8 47. Kf3 Rd6 48. Kg2 d4 49. cxd4 Rxd4 50. Rxd4 Rxd4 51. Rxd4 cxd4 52. Bxa5
Kd5 53. b3 Nc5 54. a4 Nxb3 0-1

[Event "Lichtenrader Herbst 2019"]
[Site "Berlin"]
[Date "2019.10.12"]
[Round "1.22"]
[White "Daverkausen, Bernd"]
[Black "Sundui, Chinguun"]
[Result "1/2-1/2"]
[WhiteElo "2122"]
[BlackElo "1575"]
[PlyCount "93"]
[EventDate "2019.??.??"]
[WhiteTeam "SG NARVA Berlin e.V."]
[BlackTeam "SC Zitadelle Spandau 1977 e.V."]

1. Nf3 Nc6 2. d4 d5 3. Bf4 Nf6 4. c4 dxc4 5. e3 Bg4 6. Bxc4 e6 7. Nc3 Bd6 8.
Bg3 O-O 9. O-O Bxg3 10. hxg3 Qe7 11. Bb5 Qd6 12. Qa4 Ne7 13. Ne5 a6 14. Nxg4
Nxg4 15. Be2 Nf6 16. Qb3 b5 17. a4 b4 18. Na2 a5 19. Rac1 Rac8 20. Rfd1 Rfd8
21. Rc5 Qb6 22. Bf3 c6 23. Nc1 Nd7 24. Rc4 c5 25. Nd3 cxd4 26. Rxd4 Nf5 27. Rc4
Rxc4 28. Qxc4 Nd6 29. Qh4 Nf5 30. Qf4 Nf6 31. g4 Nh4 32. g5 Nxf3+ 33. Qxf3 Nd5
34. e4 Ne7 35. Ne5 Rxd1+ 36. Qxd1 Qc7 37. Qd4 Qc1+ 38. Kh2 Qc7 39. g3 Ng6 40.
Nc4 Nh4 41. Qd6 Nf3+ 42. Kg2 Ne1+ 43. Kg1 Qxd6 44. Nxd6 Nd3 45. Nc4 Nc5 46.
Nxa5 Nxa4 47. Nc6 1/2-1/2

[Event "Lichtenrader Herbst 2019"]
[Site "Berlin"]
[Date "2019.10.12"]
[Round "1.23"]
[White "Rausch, Erik"]
[Black "Hommel, Niclas"]
[Result "0-1"]
[WhiteElo "1738"]
[BlackElo "2065"]
[PlyCount "96"]
[EventDate "2019.??.??"]
[WhiteTeam "SC Kreuzberg e.V."]
[BlackTeam "SC Kreuzberg e.V."]

1. Nf3 Nf6 2. d4 g6 3. g3 Bg7 4. Bg2 O-O 5. O-O c6 6. c3 d5 7. Bf4 Nh5 8. Bc1
Bf5 9. Nbd2 Nd7 10. h3 Nhf6 11. g4 Be4 12. Nxe4 Nxe4 13. Ng5 Nxg5 14. Bxg5 h6
15. Bh4 g5 16. Bg3 e5 17. dxe5 Bxe5 18. Bxe5 Nxe5 19. e4 dxe4 20. Bxe4 Qc7 21.
Qc2 Rfe8 22. Rad1 Nd7 23. Rfe1 Nf8 24. Re3 Ne6 25. Rde1 Nf4 26. Bh7+ Kf8 27.
Rxe8+ Rxe8 28. Rxe8+ Kxe8 29. Qe4+ Qe7 30. Qxe7+ Kxe7 31. Kh2 Kd6 32. Kg3 Ke5
33. f3 Nd5 34. Kf2 Kf4 35. Bg8 Ne3 36. Bxf7 Nd1+ 37. Kg2 Nxb2 38. Bb3 Ke3 39.
Kg3 Nd3 40. h4 Ne5 41. hxg5 hxg5 42. Bd1 c5 43. a3 c4 44. a4 Nd3 45. a5 Kd2 46.
Ba4 Kxc3 47. Bd7 Kd2 48. Bb5 c3 0-1

[Event "Lichtenrader Herbst 2019"]
[Site "Berlin"]
[Date "2019.10.12"]
[Round "1.24"]
[White "Gebigke, Martin"]
[Black "Yilmaz, Rahmi"]
[Result "1-0"]
[WhiteElo "2068"]
[BlackElo "1710"]
[PlyCount "55"]
[EventDate "2019.??.??"]
[WhiteTeam "SC Kreuzberg e.V."]
[BlackTeam "SC Kreuzberg e.V."]

1. d4 d5 2. c4 e6 3. Nf3 Nf6 4. g3 c5 5. Bg2 cxd4 6. O-O Be7 7. Nxd4 O-O 8.
cxd5 Nxd5 9. e4 Nb6 10. Nc3 Bf6 11. Ndb5 N8d7 12. Qe2 a6 13. Nd6 Qc7 14. Rd1
Be5 15. Bf4 Bxf4 16. gxf4 Rb8 17. Rac1 Qd8 18. b4 Qh4 19. Qe3 e5 20. f5 Nf6 21.
Qxb6 Ng4 22. h3 Nf6 23. a4 g5 24. Nxc8 g4 25. Ne7+ Kh8 26. Rd3 h5 27. Ncd5 Nxd5
28. Qh6# 1-0

[Event "Lichtenrader Herbst 2019"]
[Site "Berlin"]
[Date "2019.10.12"]
[Round "1.25"]
[White "Wolf, Mario"]
[Black "Miettinen, Teemu"]
[Result "0-1"]
[WhiteElo "1803"]
[BlackElo "2032"]
[PlyCount "91"]
[EventDate "2019.??.??"]
[WhiteTeam "SC Schwarz-Weiss Lichtenrade e.V"]
[BlackTeam "Cambuthi"]

1. d4 Nf6 2. c4 c5 3. e3 g6 4. Nf3 Bg7 5. b3 O-O 6. Bb2 d6 7. Be2 b6 8. O-O Bb7
9. Nc3 Nbd7 10. d5 a6 11. a4 Qc7 12. Qc2 Rae8 13. h3 e6 14. Rad1 e5 15. e4 Nh5
16. g3 Bc8 17. Kh2 Ndf6 18. Ng1 Qe7 19. Bc1 h6 20. Bf3 Bd7 21. Qe2 Rb8 22. Be3
Qe8 23. Qd2 Kh7 24. g4 Nf4 25. Bxf4 exf4 26. Qxf4 Nxg4+ 27. Kg2 Nxf2 28. Rxf2
Bxc3 29. Bg4 Be5 30. Bxd7 Qxd7 31. Qf3 b5 32. Rdf1 Kg8 33. axb5 axb5 34. Qd3
bxc4 35. bxc4 Qe7 36. Nf3 Bg7 37. Re2 Rb2 38. Rff2 Rxe2 39. Rxe2 Be5 40. Rf2
Re8 41. Qf1 Bg7 42. Re2 Ra8 43. Qf2 Ra4 44. e5 dxe5 45. Nd2 f5 46. Nb3 0-1

[Event "Lichtenrader Herbst 2019"]
[Site "Berlin"]
[Date "2019.10.12"]
[Round "1.26"]
[White "Noeldner, Julian"]
[Black "Al Ahmad, Khaled"]
[Result "1-0"]
[WhiteElo "2051"]
[BlackElo "1718"]
[PlyCount "31"]
[EventDate "2019.??.??"]
[WhiteTeam "SV Empor Berlin e.V."]
[BlackTeam "SVG Laeufer Reinickendorf e.V."]

1. g3 g6 2. Bg2 Bg7 3. d4 d5 4. Nf3 Nf6 5. O-O O-O 6. c4 c6 7. Nbd2 Na6 8. b3
Bf5 9. Bb2 Qc8 10. Re1 Nb4 11. Nh4 Nc2 12. Nxf5 Nxe1 13. Nxe7+ Kh8 14. Nxc8
Nxg2 15. Nd6 Rab8 16. Kxg2 1-0

[Event "Lichtenrader Herbst 2019"]
[Site "Berlin"]
[Date "2019.10.12"]
[Round "1.27"]
[White "Jiron, Valerio"]
[Black "Heuer, Thomas"]
[Result "0-1"]
[WhiteElo "1642"]
[BlackElo "2068"]
[PlyCount "52"]
[EventDate "2019.??.??"]
[WhiteTeam "SC Schwarz-Weiss Lichtenrade e.V"]
[BlackTeam "BSC Rehberge 1945 e.V."]

1. e4 c5 2. Nf3 Nc6 3. Bb5 g6 4. O-O Bg7 5. c3 Nf6 6. Re1 O-O 7. d4 cxd4 8.
cxd4 d5 9. e5 Ne4 10. Nc3 Nxc3 11. bxc3 Na5 12. Qe2 Bf5 13. Nh4 Be6 14. Bd3 Rc8
15. Bd2 Nc4 16. f4 Nxd2 17. Qxd2 Bh6 18. Rf1 Qa5 19. Rac1 Rc6 20. Rc2 Rfc8 21.
Rfc1 b5 22. a3 Qxa3 23. Bxb5 Rb6 24. Ra2 Bxf4 25. Rxa3 Bxd2 26. Rc2 Be3+ 0-1

[Event "Lichtenrader Herbst 2019"]
[Site "Berlin"]
[Date "2019.10.12"]
[Round "1.28"]
[White "Roehr, Oliver"]
[Black "Boldt, Timo"]
[Result "1-0"]
[WhiteElo "1987"]
[BlackElo "1653"]
[PlyCount "31"]
[EventDate "2019.??.??"]
[WhiteTeam "SG Aufbau Elbe Magdeburg"]
[BlackTeam "SC Kreuzberg e.V."]

1. e4 c5 2. Nf3 Nc6 3. d4 cxd4 4. Nxd4 g6 5. c4 Bg7 6. Be3 Nf6 7. Nc3 O-O 8.
Be2 Qa5 9. O-O d6 10. f3 Nd7 11. Nd5 Bxd4 12. Bxd4 Re8 13. Bc3 Qc5+ 14. Kh1 Nd8
15. b4 Qc6 16. b5 1-0

[Event "Lichtenrader Herbst 2019"]
[Site "Berlin"]
[Date "2019.10.12"]
[Round "1.29"]
[White "Tedesco, Gennaro"]
[Black "Kutschke, Jens"]
[Result "1/2-1/2"]
[WhiteElo "1646"]
[BlackElo "2002"]
[PlyCount "48"]
[EventDate "2019.??.??"]
[WhiteTeam "SC Kreuzberg e.V."]
[BlackTeam "SF Berlin 1903 e.V."]

1. d4 Nf6 2. c4 g6 3. Nf3 Bg7 4. g3 O-O 5. Bg2 d5 6. cxd5 Nxd5 7. O-O c6 8. Nc3
b6 9. Re1 Bb7 10. e4 Nxc3 11. bxc3 c5 12. Bb2 Nc6 13. d5 Na5 14. Qe2 Qd7 15.
Bf1 e6 16. c4 Bxb2 17. Qxb2 Rfe8 18. Rad1 exd5 19. exd5 Rxe1 20. Rxe1 Re8 21.
Rxe8+ Qxe8 22. Qf6 Bc8 23. Ne5 Bd7 24. Qd6 Ba4 1/2-1/2

[Event "Lichtenrader Herbst 2019"]
[Site "Berlin"]
[Date "2019.10.12"]
[Round "1.30"]
[White "Bolk, Matthias"]
[Black "Kostic, Ivan"]
[Result "1-0"]
[WhiteElo "2087"]
[BlackElo "1698"]
[PlyCount "57"]
[EventDate "2019.??.??"]
[WhiteTeam "SC Kreuzberg"]
[BlackTeam "SC Schwarz-Weiss Lichtenrade e.V"]

1. e4 e5 2. Nc3 Nc6 3. Bc4 Nf6 4. d3 Be7 5. f4 d6 6. Nf3 O-O 7. O-O Be6 8. Nd5
Nd4 9. fxe5 Nxf3+ 10. Qxf3 dxe5 11. Nxe7+ Qxe7 12. Bxe6 Qxe6 13. Be3 b6 14. Qg3
Nh5 15. Qh4 g6 16. Bh6 f5 17. Bxf8 Rxf8 18. exf5 Rxf5 19. Qd8+ Kg7 20. Qxc7+
Kh6 21. Rxf5 gxf5 22. Re1 e4 23. dxe4 fxe4 24. Rd1 Nf6 25. Qf4+ Kg6 26. Rd6 Qe7
27. Rxf6+ Qxf6 28. Qxf6+ Kxf6 29. Kf2 1-0

[Event "Lichtenrader Herbst 2019"]
[Site "Berlin"]
[Date "2019.10.13"]
[Round "2.9"]
[White "Budt, Matthias"]
[Black "Alten, Silvio"]
[Result "1/2-1/2"]
[WhiteElo "2188"]
[BlackElo "1893"]
[PlyCount "83"]
[EventDate "2019.??.??"]

1. d4 Nf6 2. Nf3 e6 3. c4 d5 4. g3 Be7 5. Bg2 O-O 6. O-O dxc4 7. Qc2 b6 8. Qxc4
Bb7 9. Nc3 c5 10. Rd1 Nbd7 11. Bg5 Nd5 12. Nxd5 Bxd5 13. Bxe7 Qxe7 14. Qd3 cxd4
15. Qxd4 Nf6 16. Ne5 Rfd8 17. Qa4 Qb7 18. f3 b5 19. Qa5 Qb6+ 20. Qxb6 axb6 21.
Kf2 Rdc8 22. Rdc1 Rxc1 23. Rxc1 Ne8 24. a3 Rd8 25. e4 Bb7 26. Ke3 Kf8 27. Bf1
Nd6 28. Rc3 f6 29. Nc6 Rc8 30. Nd4 Rxc3+ 31. bxc3 Ke7 32. Nxb5 Nxb5 33. Bxb5
Kd6 34. Kd4 e5+ 35. Kc4 f5 36. Kd3 fxe4+ 37. fxe4 g5 38. Be8 Ba6+ 39. Ke3 Kc5
40. Bf7 Bc4 41. Bh5 Bf1 42. Bf7 1/2-1/2

[Event "Lichtenrader Herbst 2019"]
[Site "Berlin"]
[Date "2019.10.13"]
[Round "2.10"]
[White "Landt, Stefan"]
[Black "Katzir, Moshe"]
[Result "0-1"]
[WhiteElo "1923"]
[BlackElo "2125"]
[PlyCount "76"]
[EventDate "2019.??.??"]

1. d4 d5 2. Nf3 e6 3. c4 c6 4. Nc3 dxc4 5. a4 Bb4 6. e4 b5 7. Be2 Bb7 8. O-O a6
9. Ne5 Nf6 10. Bg5 Be7 11. f4 O-O 12. Bxf6 Bxf6 13. Nf3 c5 14. e5 Be7 15. dxc5
Bxc5+ 16. Kh1 b4 17. Nb1 Qxd1 18. Rxd1 Nc6 19. Nbd2 Na5 20. Nxc4 Nxc4 21. Bxc4
Bxf3 22. gxf3 Be3 23. f5 exf5 24. e6 fxe6 25. Rd6 Kh8 26. Rxe6 Bd4 27. Rb1 a5
28. b3 f4 29. Rd1 Rfd8 30. Re4 Be3 31. Rxd8+ Rxd8 32. Re5 Rd1+ 33. Kg2 Rg1+ 34.
Kh3 g5 35. Rxa5 h5 36. Rf5 Kg7 37. a5 Kg6 38. Bd3 g4+ 0-1

[Event "Lichtenrader Herbst 2019"]
[Site "Berlin"]
[Date "2019.10.13"]
[Round "2.11"]
[White "Holinka, Henning"]
[Black "Bandow, Alexander"]
[Result "1-0"]
[WhiteElo "2101"]
[BlackElo "2067"]
[PlyCount "73"]
[EventDate "2019.??.??"]

1. e4 c5 2. Nf3 Nc6 3. d4 cxd4 4. Nxd4 e5 5. Nb5 a6 6. Nd6+ Bxd6 7. Qxd6 Qf6 8.
Qd1 Qg6 9. Nc3 Nf6 10. f3 O-O 11. Be3 d5 12. Nxd5 Nxd5 13. Qxd5 Rd8 14. Qc5 Be6
15. c3 Rd7 16. Kf2 Rad8 17. Be2 Qf6 18. g3 Rd6 19. b3 Bg4 20. Rhd1 b6 21. Qa3
b5 22. Qc5 h6 23. Kg2 Bc8 24. Rd5 Be6 25. Rxd6 Rxd6 26. b4 Qd8 27. a4 bxa4 28.
Rxa4 Nb8 29. Qxe5 Qd7 30. Ra1 Kh7 31. Bf4 Bh3+ 32. Kf2 Qa7+ 33. Be3 Qd7 34. Bc5
Rd2 35. Qxb8 Qd3 36. Re1 Bg2 37. Qf4 1-0

[Event "Lichtenrader Herbst 2019"]
[Site "Berlin"]
[Date "2019.10.13"]
[Round "2.12"]
[White "Tomic, Stjepan"]
[Black "Roehr, Tobias"]
[Result "1/2-1/2"]
[WhiteElo "1901"]
[BlackElo "2123"]
[PlyCount "85"]
[EventDate "2019.??.??"]

1. e4 c5 2. Nf3 e6 3. c4 Nc6 4. d4 cxd4 5. Nxd4 Nf6 6. Nc3 Bb4 7. Nxc6 bxc6 8.
Bd3 e5 9. O-O Bc5 10. Qe2 d6 11. h3 Be6 12. Be3 Nd7 13. Na4 Bxe3 14. Qxe3 Qa5
15. b3 O-O 16. Rad1 Nb6 17. Nxb6 axb6 18. Bb1 Rad8 19. Rd2 f5 20. exf5 Bxf5 21.
Bxf5 Rxf5 22. Rfd1 d5 23. g4 Rf6 24. Qxe5 Rdf8 25. cxd5 cxd5 26. Qxd5+ Qxd5 27.
Rxd5 Rxf2 28. R1d2 Rxd2 29. Rxd2 Rc8 30. Rf2 Rc3 31. Kg2 h6 32. h4 g6 33. Rf6
Rc2+ 34. Kg3 Kg7 35. Rf2 Rc3+ 36. Rf3 Rc1 37. a4 Rg1+ 38. Kf4 Rh1 39. Rg3 Rxh4
40. Ke3 Kf6 41. b4 Rh1 42. Kd4 Kg5 43. Kc4 1/2-1/2